LEADER 01270nas a2200265 i 4500 001 000000161778 003 CaOOAMICUS 005 20070611000000.0 008 070529b2007 gw uu u0 0ger r 013 $a139141 020 $a978-3-402-04372-1 040 $aSeMil$bita 245 10$aDenkmalschutz und Denkmalpflege im kirchlichen Bereich /$cherausgegeben von Burkhard Kämper und Hans-Werner Thönnes. 260 $aMünster :$bAschendorff,$ccopyr. 2007. 300 $aXI, 187 p. ;$c23 cm. 500 $aAtti del 41. Essener Gespräch, Essen, 13-14 marzo 2006. - Titolo dalla copertina. 700 1 $aEssener Gespräch «Denkmalschutz und Denkmalpflege im kirchlichen Bereich» <41. ; 2006 ; Essen>.$0(OLS)http://semarc/name/42769 700 1 $aThönnes, Hans-Werner.$0(OLS)http://semarc/name/41922 700 1 $aKämper, Burkhard.$0(OLS)http://semarc/name/41921 850 $aSeMil 852 $aSeMil$W1$xVenegono$y1$m226 5 41$j113155$B113155$CSeMilBibl$Z2$F124112 $85 961 $aAbbonamento: Aschendorff 996 $6020$a978-3-402-04372-1$9(OLS)http://semarc/number/77861 996 $6245$aDenkmalschutz und Denkmalpflege im kirchlichen Bereich$9(OLS)http://semarc/title/145077 996 $6260$aMünster :$bAschendorff$9(OLS)http://semarc/publisher/29674 LEADER 00807nam a2200217 i 4500 001 000000055706 003 CaOOAMICUS 005 19970710000000.0 008 970710s1960 vc u000 u lat u 013 $a26878 040 $aSeMil$bita 245 10$aEuropa :$bItalia. 300 $a942 p. 500 $aIn mezzo al front. : Sub secreto. 773 0 $tActa et Documenta Concilio Oecumenico Vaticano 2. apparando.$d[In Urbe Vaticani] : Typis Polyglottis Vaticanis, 1960-1995.$w()515 773 0 $tSeries 1..$gVolumen2$w()6719 773 0 $tConsilia et vota Episcoporum ac Praelatorum.$gPars3$w()6721 850 $aSeMil 852 $aSeMil$W1$xVenegono$y1$mSL1.Z V 4$j21860$B21860$CSeMilBibl$Z2$F21862 $8I 961 $aAcquisto: Casa editrice 996 $6245$aEuropa :$bItalia$9(OLS)http://semarc/title/86454